U.S. Cities Over 100,000 - M - Statistics

General Stats
  • This quiz has been taken 186 times
    161 since last reset
  • The average score is 11 of 20
Answer Stats
Pop. City % Correct
382,578 Minneapolis
95%
399,457 Miami
89%
594,833 Milwaukee
89%
646,889 Memphis
88%
233,209 Madison
85%
439,041 Mesa
68%
205,764 Montgomery
68%
201,165 Modesto
62%
195,111 Mobile
59%
113,330 Macon
57%
109,565 Manchester
52%
205,499 Moreno Valley
49%
129,877 McAllen
48%
111,147 Midland
40%
122,041 Miramar
37%
139,824 Mesquite
36%
108,755 Murfreesboro
35%
107,167 Miami Gardens
33%
131,117 McKinney
32%
103,466 Murietta
8%
No matching quizzes found
Score Distribution
Percent of People with Each Score
Percentile by Number Answered
Your Score History
You have not taken this quiz since the last reset